Silver spoon kids : how successful parents raise responsible children

Bibliographic Details
Main Author: Gallo, Eileen F
Other Authors: Gallo, Jon J
Format: Book
Published: Chicago : Contemporary Books , 2002
Subjects:

MARC

LEADER 00000cam a2200000 7i4500
001 0000058310
005 20020714.0
020 |a 0809294370 
090 0 0 |a 649.10973   |b GAL 
100 1 |a Gallo, Eileen F 
245 1 0 |a Silver spoon kids :   |b how successful parents raise responsible children   |c Eileen F. Gallo, Jon J. Gallo 
260 |a Chicago :   |b Contemporary Books ,   |c 2002 
300 |a 266p. ;   |c 23cm. 
650 0 0 |a Child rearing   |z United States 
650 0 0 |a Responsibility in children 
650 0 0 |a Wealth   |z United States 
700 1 |a Gallo, Jon J 
999 |a 143115   |b BUKU   |c PINJAMAN   |e PERPUSTAKAAN KOMUNITI PETALING JAYA